A Place bewitched and other stories / (Record no. 492755)
[ view plain ]
| 000 -LEADER | |
|---|---|
| fixed length control field | 01491nam a22002417a 4500 |
| 003 - CONTROL NUMBER IDENTIFIER | |
| control field | OSt |
| 005 - DATE AND TIME OF LATEST TRANSACTION | |
| control field | 20260515142354.0 |
| 008 - FIXED-LENGTH DATA ELEMENTS--GENERAL INFORMATION | |
| fixed length control field | 260515b |||||||| |||| 00| 0 eng d |
| 020 ## - INTERNATIONAL STANDARD BOOK NUMBER | |
| International Standard Book Number | 9781787475489 |
| 040 ## - CATALOGING SOURCE | |
| Original cataloging agency | Kenya National Library Service |
| 082 ## - DEWEY DECIMAL CLASSIFICATION NUMBER | |
| Classification number | 891.733 GOG |
| 100 ## - MAIN ENTRY--PERSONAL NAME | |
| Personal name | Gogol, Nikolai |
| Relator term | Author |
| 245 ## - TITLE STATEMENT | |
| Title | A Place bewitched and other stories / |
| Statement of responsibility, etc. | Nikolai Gogol, translated from the Russian by Constance Garnett, selected with a preface by Natasha Randall. |
| 300 ## - PHYSICAL DESCRIPTION | |
| Extent | xii, 320 pages ; |
| Dimensions | 20 cm. |
| 520 ## - SUMMARY, ETC. | |
| Summary, etc. | A wounded solider vanishes into notoriety. A nose is found in a loaf of bread. Places - like the Nevesky Prospect - are not what they seem. Nikolai Gogol was one of the nineteenth century's greatest and most influential Russian writers, a realist whose witty and acerbic observations and his taste for the absurd give his writing its strange, comic voice. Selected from the work of Constance Garnett, one of Gogol's earliest translators, this edition presents a new, exclusive collection of Gogol's short fiction, selected and lightly revised by Natasha Randall. Contextualized by Randall's preface, and full of the wit of Garenett's work, this edition is the perfect introduction to Gogol, and a must for the enthusiast. |
| 650 ## - SUBJECT ADDED ENTRY--TOPICAL TERM | |
| Topical term or geographic name entry element | Short Stories. |
| 650 ## - SUBJECT ADDED ENTRY--TOPICAL TERM | |
| Topical term or geographic name entry element | Russian fiction. |
| 700 ## - ADDED ENTRY--PERSONAL NAME | |
| Personal name | Garnett, Constance |
| Relator term | Author |
| 700 ## - ADDED ENTRY--PERSONAL NAME | |
| Personal name | Randall, Natasha |
| Relator term | Author |
| 942 ## - ADDED ENTRY ELEMENTS (KOHA) | |
| Source of classification or shelving scheme | Dewey Decimal Classification |
| Koha item type | Books |
| Suppress in OPAC | No |
| Withdrawn status | Source of classification or shelving scheme | Damaged status | Not for loan | Home library | Current library | Date acquired | Source of acquisition | Cost, normal purchase price | Total checkouts | Full call number | Barcode | Date last seen | Price effective from | Koha item type |
|---|---|---|---|---|---|---|---|---|---|---|---|---|---|---|
| Dewey Decimal Classification | Nakuru Library | Acquisition, Cataloguing, Classification and Distribution Development | 05/15/2026 | BAI | 1123.00 | 891.733 GOG | B231527 | 05/15/2026 | 05/15/2026 | Books |
